|
|
|
|
| LEADER |
01004nam a2200289 a 4500 |
| 001 |
5430 |
| 003 |
BD-DhAAL |
| 005 |
20150315111958.0 |
| 008 |
150315s1991 ilua b 001 0 eng |
| 010 |
|
|
|a 91016931
|
| 020 |
|
|
|a 025608355X
|
| 040 |
|
|
|a DLC
|c DLC
|d DLC
|d BD-DhAAL
|
| 050 |
0 |
0 |
|a HG4026
|b .B589 1992
|
| 082 |
0 |
0 |
|a 658.15
|2 20
|
| 100 |
1 |
|
|a Block, Stanley B.
|9 9644
|
| 245 |
1 |
0 |
|a Foundations of financial management /
|c Stanley B. Block, Geoffrey A. Hirt.
|
| 250 |
|
|
|a 6th ed.
|
| 260 |
|
|
|a Homewood, IL :
|b Irwin,
|c 1992.
|
| 300 |
|
|
|a xxxvi, 700 p. :
|b col. ill. ;
|c 26 cm.
|
| 500 |
|
|
|a Appendixes A-D (4 p.) inserted.
|
| 504 |
|
|
|a Includes bibliographical references and index.
|
| 541 |
|
|
|e 5430
|
| 650 |
|
0 |
|a Corporations
|x Finance.
|9 9645
|
| 700 |
1 |
|
|a Hirt, Geoffrey A.
|9 9583
|
| 942 |
|
|
|2 ddc
|c BK
|
| 999 |
|
|
|c 34040
|d 34040
|
| 952 |
|
|
|0 0
|1 0
|2 ddc
|4 0
|6 658_150000000000000_BLO
|7 0
|9 53129
|a SCL
|b SCL
|c GEN
|d 2015-03-15
|e Gift: The Asia Foundation
|l 0
|o 658.15 BLO
|p 3020005430
|r 2015-03-15
|t 1
|w 2015-03-15
|y BK
|